Histoire de l'art : Théories, méthodes et outils (notice n° 2198671)

détails MARC
000 -LEADER
fixed length control field 01783cam a2200145 4500500
005 - DATE AND TIME OF LATEST TRANSACTION
control field 20260405085557.0
041 ## - LANGUAGE CODE
Language code of text/sound track or separate title fre
042 ## - AUTHENTICATION CODE
Authentication code dc
100 10 - MAIN ENTRY--PERSONAL NAME
Personal name Huys, Viviane
Relator term author
245 00 - TITLE STATEMENT
Title Histoire de l'art : Théories, méthodes et outils
260 ## - PUBLICATION, DISTRIBUTION, ETC.
Name of publisher, distributor, etc. Armand Colin,<br/>
Date of publication, distribution, etc. 2014.<br/>
520 ## - SUMMARY, ETC.
Summary, etc. Ce manuel s’adresse en priorité aux étudiants en histoire de l’art. Il explique en douze chapitres les différentes approches qui caractérisent les méthodes possibles proposées par cette discipline. Dans le cadre d’une histoire de l’art comparée, les auteurs examinent successivement les relations entre l’histoire de l’art, l’esthétique et la philosophie du langage, ses interactions avec la sémiologie, les apports récents des études anthropologiques, ou encore la manière dont la sociologie de l’art contribue à redéfinir les contours d’une histoire sociale de l’art. Sont abordées également les questions qui lient la politique et l’art, ou encore celles qui se nouent parfois avec la psychanalyse.À l’intérieur de chaque chapitre une « étude de cas », empruntée à différentes périodes, permet une analyse critique des outils et des concepts employés. Elle est complétée par une rubrique « pour aller plus loin » fournissant une bibliographie sélective. Vient s’ajouter une bibliographie générale renseignée par les plus récentes parutions dans le champ de l’histoire de l’art. Cet ouvrage permettra aux étudiants de disposer d’un outil de clarification et d’approfondissement de l’interdisciplinarité rencontrée durant leur cursus en histoire de l’art.
700 10 - ADDED ENTRY--PERSONAL NAME
Personal name Vernant, Denis
Relator term author
856 41 - ELECTRONIC LOCATION AND ACCESS
Uniform Resource Identifier <a href="https://shs.cairn.info/histoire-de-l-art--9782200287955?lang=fr&redirect-ssocas=7080">https://shs.cairn.info/histoire-de-l-art--9782200287955?lang=fr&redirect-ssocas=7080</a>

Pas d'exemplaire disponible.

PLUDOC

PLUDOC est la plateforme unique et centralisée de gestion des bibliothèques physiques et numériques de Guinée administré par le CEDUST. Elle est la plus grande base de données de ressources documentaires pour les Étudiants, Enseignants chercheurs et Chercheurs de Guinée.

Adresse

627 919 101/664 919 101

25 boulevard du commerce
Kaloum, Conakry, Guinée

Réseaux sociaux

Powered by Netsen Group @ 2025